Flags of countries of the world #1 - Statistics

General Stats
  • This quiz has been taken 43 times
  • The average score is 16 of 18
Answer Stats
Picture Answer % Correct
Italy
100%
Canada
96%
France
96%
Japan
96%
South Korea
96%
United Kingdom
96%
United States of America
96%
Australia
93%
Brazil
93%
Ireland
93%
New Zealand
93%
Netherlands
86%
Bulgaria
82%
Russia
82%
Bangladesh
79%
Hungary
79%
Madagascar
61%
Palau
61%
No matching quizzes found
Score Distribution
Percent of People with Each Score
Percentile by Number Answered
Your Score History
You have not taken this quiz